Wo liegt diese Stadt - sehr schwer - Statistiken

Allgemein
  • Dieses Quiz wurde 118 mal gespielt
    94 seit der letzten Aktualisierung
  • Das Durchschnittsergebnis liegt bei 7 aus 20
Antwortstatistiken
Stadt Land % Korrekt
Agadir Marokko
88%
Klaipėda Litauen
58%
Machatschkala Russland
57%
Guayaquil Ecuador
55%
Haiphong Vietnam
49%
Patna Indien
47%
Cebu Philippinen
44%
Czernowitz Ukraine
43%
Celje Slowenien
36%
Kaohsiung Taiwan
36%
Sirte Libyen
33%
Port Harcourt Nigeria
28%
Kumasi Ghana
23%
Quetta Pakistan
14%
Bulawayo Simbabwe
12%
Kaxgar China
9%
Ganja Aserbaidschan
8%
Bolu Türkei
8%
Sohag Ägypten
5%
Gonder Äthiopien
5%
Keine übereinstimmenden Quizze gefunden
Verteilung der Resultate
Anzahl Personen mit jedem Resultat
Perzentil nach korrekt beantworteten Fragen
Ihre Resultats-Entwicklung
Sie haben dieses Quiz seit der letzten Aktualisierung nicht gespielt